| 000 | 00512nam a22001817a 4500 | ||
|---|---|---|---|
| 003 | CEME | ||
| 005 | 20210628201649.0 | ||
| 008 | 210212b xxu||||| |||| 00| 0 eng d | ||
| 020 | _a0-07-024772-2 | ||
| 040 | _c. | ||
| 082 | _a005.72 GOT | ||
| 100 |
_aGottleber, Timothy.T _956243 |
||
| 245 | _aExcellent html an introduction to java applets | ||
| 260 |
_aBOSTON _bMCGRAW HILL _c1998 |
||
| 300 | _aXX,427P | ||
| 650 |
_aHTML-DOCUMENT MARKUP LANGUAGE JAVA-COMPUTER PROGRAM LANGUAGE _956244 |
||
| 942 |
_cBK _2ddc |
||
| 999 |
_c566722 _d566722 |
||